000 01207cam a22003614a 4500
001 muse77058
003 MdBmJHUP
005 20210127151303.0
006 m o d
007 cr||||||||nn|n
008 190314s2019 cau o 00 0 eng d
010 _z 2019937173
020 _a9781950192199
020 _a9781950192205
035 _a(OCoLC)1100539650
040 _aMdBmJHUP
_cMdBmJHUP
100 1 _aBauer, Dominique.
245 1 4 _aThe Imagery of Interior Spaces
_cDominique Bauer ; [edited by] Dominique Bauer, Michael J. Kelly.
250 _a1st edition.
264 1 _bPunctum Books,
264 3 _bProject MUSE,
300 _a1 online resource (pages cm)
506 0 _aOpen Access
_fUnrestricted online access
_2star
588 _aDescription based on print version record.
655 7 _aElectronic books.
_2local
710 2 _aProject Muse.
_edistributor
830 0 _aBook collections on Project MUSE.
856 4 0 _zFull text available:
_uhttps://muse.jhu.edu/book/66824/
999 _c25320
_d25320